[Event "FRA-chT2 North 0607"]
[Site "France"]
[Date "2007.04.01"]
[Round "11.8"]
[White "Morin, Laetitia"]
[Black "Griffe, Delphine"]
[Result "0-1"]
[WhiteElo "1499"]
[BlackElo "1730"]
[PlyCount "104"]
[EventDate "2006.10.15"]
[EventType "team"]
[EventRounds "11"]
[EventCountry "FRA"]
[SourceTitle "EXT 2008"]
[Source "ChessBase"]
[SourceDate "2007.11.25"]
[SourceVersion "1"]
[SourceVersionDate "2007.11.25"]
[SourceQuality "1"]
[WhiteTeam "Arcueil"]
[BlackTeam "Chalons en Champagne"]
[WhiteTeamCountry "FRA"]
[BlackTeamCountry "FRA"]

1. f4 f5 2. Nf3 Nf6 3. d4 b6 4. e3 Bb7 5. c4 e6 6. Bd3 Nc6 7. a3 g6 8. Nc3 Bg7 9. 0-0 d6 10. Bd2 Nd7 11. Be1 Bf6 12. Qe2 Ne7 13. b4 e5 14. fxe5 dxe5 15. Bc2 e4 16. Nd2 c5 17. Nb5 Nb8 18. Bg3 0-0 19. Nb3 Na6 20. bxc5 bxc5 21. Rad1 Qb6 22. Bd6 cxd4 23. exd4 Bc6 24. Bxe7 Bxe7 25. a4 Nb4 26. c5 Qd8 27. Qc4+ Nd5 28. Rb1 Kg7 29. Rfe1 Qd7 30. Na5 Rab8 31. Nxc6 Qxc6 32. Bb3 Rfd8 33. Nc3 Nxc3 34. Qxc3 Bf6 35. Red1 Rbc8 36. Qc4 e3 37. Ba2 e2 38. Qf7+ Kh6 39. Re1 Bxd4+ 40. Kh1 Qxc5 41. Rb7 Rh8 42. h3 Qc1 43. Rb1 Qd2 44. Bd5 Bf2 45. g4 Rhf8 46. g5+ Qxg5 47. Qe6 Qg3 48. Bg2 Bxe1 49. Qxe2 Rfe8 50. Qb2 Rcd8 51. Ra1 Rd2 52. Qb7 Ree2 0-1

[Event "FRA-chT2 North 0607"]
[Site "France"]
[Date "2007.03.17"]
[Round "8.8"]
[White "Surmont, Guillaume"]
[Black "Morin, Laetitia"]
[Result "1/2-1/2"]
[WhiteElo "1799"]
[BlackElo "1499"]
[PlyCount "83"]
[EventDate "2006.10.15"]
[EventType "team"]
[EventRounds "11"]
[EventCountry "FRA"]
[SourceTitle "EXT 2008"]
[Source "ChessBase"]
[SourceDate "2007.11.25"]
[SourceVersion "1"]
[SourceVersionDate "2007.11.25"]
[SourceQuality "1"]
[WhiteTeam "Cergy Pontoise"]
[BlackTeam "Arcueil"]
[WhiteTeamCountry "FRA"]
[BlackTeamCountry "FRA"]

1. e4 c6 2. d4 d5 3. Nc3 dxe4 4. Nxe4 Bf5 5. Ng3 Bg6 6. Nf3 Nd7 7. Bd3 Bxd3 8. Qxd3 Qc7 9. 0-0 e6 10. Be3 Ngf6 11. h3 Bd6 12. Ne4 Nxe4 13. Qxe4 Nf6 14. Qd3 0-0 15. c4 Rad8 16. Qc2 Rfe8 17. Rad1 e5 18. dxe5 Bxe5 19. Rxd8 Rxd8 20. b3 c5 21. Bg5 h6 22. Bxf6 Bxf6 23. Rd1 b6 24. Rxd8+ Qxd8 25. Qd2 Qxd2 26. Nxd2 Kf8 27. Kf1 Ke7 28. Ke2 Ke6 29. Kd3 Bd4 30. f3 Ke5 31. g3 f5 32. f4+ Kf6 33. Nf3 Bf2 34. g4 g5 35. fxg5+ hxg5 36. a4 Bg3 37. Ke3 Bf4+ 38. Kd3 Bg3 39. Ke2 Bd6 40. Ke3 Bf4+ 41. Kd3 Bd6 42. Kc3 1/2-1/2

[Event "FRA-chT2 North 0607"]
[Site "France"]
[Date "2007.02.11"]
[Round "7.8"]
[White "Morin, Laetitia"]
[Black "Fortuit, Emilie"]
[Result "0-1"]
[WhiteElo "1499"]
[BlackElo "1933"]
[PlyCount "97"]
[EventDate "2006.10.15"]
[EventType "team"]
[EventRounds "11"]
[EventCountry "FRA"]
[SourceTitle "EXT 2008"]
[Source "ChessBase"]
[SourceDate "2007.11.25"]
[SourceVersion "1"]
[SourceVersionDate "2007.11.25"]
[SourceQuality "1"]
[WhiteTeam "Arcueil"]
[BlackTeam "Evry Grand Roque III"]
[WhiteTeamCountry "FRA"]
[BlackTeamCountry "FRA"]

1. f4 b6 2. Nf3 Bb7 3. e3 e6 4. d4 f5 5. c4 Nf6 6. Nc3 Bb4 7. Bd2 0-0 8. Bd3 c5 9. 0-0 cxd4 10. exd4 Nc6 11. a3 Bxc3 12. Bxc3 Qc7 13. Ne5 Nxe5 14. dxe5 Ng4 15. Qe2 Qc5+ 16. Kh1 a5 17. Rae1 Qc6 18. Bd4 Rab8 19. h3 Nh6 20. Rc1 Ba6 21. b4 Qa4 22. b5 Bxb5 23. Bxb6 Rxb6 24. cxb5 Qxa3 25. Ra1 Qb4 26. Qe3 Rb7 27. Rfb1 Qe7 28. Rxa5 Qh4 29. Kg1 Rc8 30. Qd4 Qg3 31. b6 Rbb8 32. Ra7 Rd8 33. b7 Nf7 34. Rba1 d6 35. Ra8 Rxb7 36. Rxd8+ Nxd8 37. Ra8 Qe1+ 38. Bf1 Rb1 39. Rxd8+ Kf7 40. Qf2 dxe5 41. Qxe1 Rxe1 42. fxe5 Rxe5 43. Rd7+ Kf6 44. Ra7 h6 45. Kf2 Rc5 46. Ra6 Rc3 47. Bb5 Rc2+ 48. Kf3 Rc3+ 49. Kf4 0-1